| 000 | 00395cam a22001455a 4500 | ||
|---|---|---|---|
| 001 | L138181 | ||
| 008 | 070521s2007 xxk f 000 0 eng d | ||
| 035 | _a(Sirsi) u138181 | ||
| 041 | 0 | _aeng | |
| 100 | 1 | _aCourtney, Roger | |
| 245 | 0 | 0 | _aTowards zero housing - lessons from Nothern Europe |
| 260 |
_aDepartment of Trade and Industry _c2007 |
||
| 651 | 4 |
_aEngland and Wales _y1543- |
|
| 942 | _n0 | ||
| 999 |
_c107046 _d107046 |
||